[Event "II C.to Romano"]
[Site "Roma ITA"]
[Date "1997.??.??"]
[Round "4"]
[White "Vignato, Giovanni"]
[Black "Simeoni, Matteo"]
[Result "1-0"]
[WhiteElo "2150"]
[BlackElo "1830"]
[PlyCount "63"]
[EventDate "1997.??.??"]

1. c4 f5 2. d4 e6 3. Nc3 Nf6 4. g3 Bb4 5. Bd2 Be7 6. Bg2 O-O 7. e4 fxe4 8. Nxe4
d6 9. f4 Nbd7 10. Nxf6+ Bxf6 11. Nf3 e5 12. dxe5 dxe5 13. O-O e4 14. Ng5 Bxb2
15. Bb4 c5 16. Qd5+ Kh8 17. Ne6 Qe7 18. Nxf8 Bd4+ 19. Qxd4 Qxf8 20. Bxc5 Nxc5
21. f5 Nd7 22. Qxe4 Nf6 23. Qe2 Bd7 24. Bxb7 Re8 25. Qf2 Ng4 26. Qd4 Nf6 27. g4
Rd8 28. Rad1 Qb4 29. g5 Qxb7 30. gxf6 Rg8 31. f7 Rd8 32. f6 1-0

[Event "II C.to Romano"]
[Site "Roma ITA"]
[Date "1997.??.??"]
[Round "5"]
[White "Bruno, Fabio"]
[Black "Barro, Carlo"]
[Result "0-1"]
[WhiteElo "2260"]
[BlackElo "1747"]
[PlyCount "94"]
[EventDate "1997.??.??"]

1. e4 d6 2. d4 Nf6 3. Nc3 g6 4. f4 Bg7 5. Nf3 c5 6. d5 O-O 7. Bd3 a6 8. a4 Qc7
9. Be3 Ng4 10. Bd2 c4 11. Be2 Qc5 12. Rf1 Bf6 13. g3 e5 14. Qc1 exf4 15. Bxf4
Bg7 16. h3 Ne5 17. Nxe5 dxe5 18. Bh6 Bd7 19. Bxg7 Kxg7 20. Qg5 f6 21. Qd2 Qd4
22. g4 Qxd2+ 23. Kxd2 Rc8 24. Rf3 a5 25. Raf1 Rf8 26. Bxc4 Na6 27. Bb5 Bxb5 28.
Nxb5 Nc5 29. Re1 Rad8 30. b3 f5 31. gxf5 gxf5 32. Rg1+ Kh6 33. exf5 Rxd5+ 34.
Ke3 e4 35. Rf4 Rfxf5 36. Rh4+ Rh5 37. Rxh5+ Kxh5 38. Rg4 Rg5 39. Rxg5+ Kxg5 40.
Nd6 Kh4 41. Nxe4 Nxe4 42. Kxe4 Kxh3 43. Kf3 Kh4 44. Kf4 Kh3 45. c3 Kg2 46. b4
h5 47. b5 h4 0-1

[Event "II C.to Romano"]
[Site "Roma ITA"]
[Date "1997.??.??"]
[Round "5"]
[White "De Vita, Gianni"]
[Black "Vannelli, Vittorio"]
[Result "0-1"]
[WhiteElo "2155"]
[BlackElo "1636"]
[PlyCount "74"]
[EventDate "1997.??.??"]

1. e4 e5 2. Nf3 Nc6 3. d4 exd4 4. Nxd4 Bc5 5. Be3 Qf6 6. c3 Nge7 7. Bc4 Ne5 8.
Be2 O-O 9. O-O d5 10. Nd2 Bb6 11. f4 N5c6 12. e5 Qh4 13. N2f3 Qg4 14. Ng5 Qd7
15. Bd3 Nxd4 16. Bxh7+ Kh8 17. Qh5 Qg4 18. Qxg4 Bxg4 19. cxd4 f6 20. h3 fxg5
21. hxg4 gxf4 22. Bf2 Kxh7 23. Rad1 Kg6 24. Bh4 Nc6 25. Bf2 Rh8 26. Rd3 Rh7 27.
Rfd1 Rah8 28. Kf1 Rh1+ 29. Ke2 Rxd1 30. Rxd1 Kf7 31. Kf3 g5 32. Rd2 Ke6 33. a3
Rh1 34. Ke2 Rc1 35. b3 Rc3 36. Rd3 Rxd3 37. Kxd3 Nxe5+ 0-1

[Event "II C.to Romano"]
[Site "Roma ITA"]
[Date "1997.??.??"]
[Round "5"]
[White "De Vita, Igor"]
[Black "Corvi, Marco"]
[Result "0-1"]
[WhiteElo "2115"]
[BlackElo "2260"]
[PlyCount "110"]
[EventDate "1997.??.??"]

1. e4 c5 2. Nf3 e6 3. c3 Nf6 4. e5 Nd5 5. d4 cxd4 6. cxd4 b6 7. Nc3 Nxc3 8.
bxc3 Qc7 9. Bd2 Bb7 10. Bd3 d6 11. O-O Nd7 12. Bf4 Be7 13. Re1 O-O 14. Re3 g6
15. Rc1 Bxf3 16. Qxf3 dxe5 17. dxe5 Rfd8 18. Qg3 Nc5 19. Bc2 Rd2 20. Ree1 Rd5
21. Rcd1 Rad8 22. Qf3 Qb7 23. Rxd5 Qxd5 24. Qxd5 Rxd5 25. Kf1 Nd3 26. Bxd3 Rxd3
27. Rc1 Kf8 28. Ke2 Rd5 29. Rd1 Ke8 30. Rxd5 exd5 31. Be3 g5 32. Kf3 h5 33. g4
h4 34. Ke2 Kd7 35. f4 gxf4 36. Bxf4 Ke6 37. Kd3 Bd8 38. h3 b5 39. Kd2 a5 40.
Kd3 a4 41. Kd2 Bb6 42. Bg5 Kxe5 43. Bxh4 Kf4 44. Kd3 Bc5 45. Be1 Kf3 46. Kd2
Be7 47. Kd3 Bf6 48. g5 Bxg5 49. Kd4 Ke2 50. Bg3 Bf6+ 51. Kxd5 Bxc3 52. Kc5 b4
53. Kc4 a3 54. h4 Kf3 55. Bd6 Kg4 0-1

[Event "II C.to Romano"]
[Site "Roma ITA"]
[Date "1997.??.??"]
[Round "5"]
[White "Drago, Valentino"]
[Black "Colantonio, Marco"]
[Result "1-0"]
[WhiteElo "1624"]
[BlackElo "1543"]
[PlyCount "82"]
[EventDate "1997.??.??"]

1. d4 Nf6 2. Bf4 g6 3. e3 Bg7 4. Nd2 d5 5. Ngf3 O-O 6. h3 Nbd7 7. Be2 c5 8. c3
cxd4 9. exd4 Re8 10. Qc2 e6 11. g4 Nf8 12. Ne5 N6d7 13. Ndf3 Nxe5 14. Nxe5 f6
15. Nf3 Nd7 16. O-O-O Qa5 17. Kb1 b5 18. g5 Bb7 19. gxf6 Nxf6 20. Bd3 Ne4 21.
Ne5 b4 22. f3 Nxc3+ 23. bxc3 bxc3 24. Ka1 Rf8 25. Bg3 Bxe5 26. Bxe5 Bc6 27.
Bxg6 Ba4 28. Qg2 Rf7 29. Bc2+ Kf8 30. Bd6+ Ke8 31. Rb1 Bxc2 32. Qxc2 Rc8 33.
Rhg1 Rc6 34. Rb8+ Kd7 35. Bb4 Qa6 36. Bxc3 Kc7 37. Rb3 Qc4 38. Ba5+ Kd7 39.
Qxc4 dxc4 40. Rb7+ Ke8 41. Rg8+ Rf8 1-0

[Event "II C.to Romano"]
[Site "Roma ITA"]
[Date "1997.??.??"]
[Round "5"]
[White "Esuperanzi, Gianbattista"]
[Black "Pienabarca, Nicola"]
[Result "0-1"]
[WhiteElo "1600"]
[BlackElo "2020"]
[PlyCount "109"]
[EventDate "1997.??.??"]

1. e4 e6 2. d4 d5 3. Nc3 Nf6 4. Bg5 Bb4 5. e5 h6 6. Bd2 Bxc3 7. bxc3 Ne4 8. Bd3
Nxd2 9. Qxd2 c5 10. Bb5+ Bd7 11. Rb1 Qc7 12. Ne2 a6 13. Bxd7+ Nxd7 14. O-O O-O
15. Ng3 Rac8 16. Qe2 b5 17. Rfc1 Nb6 18. Nh5 Qe7 19. Rb3 c4 20. Qg4 Qg5 21.
Qxg5 hxg5 22. Ra3 Na4 23. Re1 Rce8 24. f4 f6 25. exf6 gxf6 26. f5 Kf7 27. fxe6+
Rxe6 28. Rxe6 Kxe6 29. Kf2 f5 30. Kf3 Rh8 31. g4 f4 32. h4 gxh4 33. Nxf4+ Kd6
34. Kg2 Re8 35. Kh3 Re4 36. Nh5 Re2 37. Kxh4 Rxc2 38. Nf4 Rxc3 39. Rxc3 Nxc3
40. g5 Ke7 41. g6 b4 42. Kh5 b3 43. axb3 cxb3 44. Nd3 Kf8 45. Kh6 Ne4 46. Kh7
Nf6+ 47. Kh8 Nh5 48. Nb2 a5 49. Na4 Ng7 50. Kh7 Ne8 51. Kh8 Nf6 52. g7+ Kf7 53.
Nb2 Ng8 54. Kh7 Ne7 55. Kh8 $138 {...} 0-1

[Event "II C.to Romano"]
[Site "Roma ITA"]
[Date "1997.??.??"]
[Round "5"]
[White "Franchi, Jose' Maria"]
[Black "Lavieri, Doriano"]
[Result "1/2-1/2"]
[WhiteElo "1915"]
[BlackElo "1855"]
[PlyCount "60"]
[EventDate "1997.??.??"]

1. d4 d5 2. c4 c6 3. Nf3 Nf6 4. e3 a6 5. cxd5 cxd5 6. Bd3 Nc6 7. O-O Bg4 8.
Nbd2 e6 9. a3 Be7 10. b4 O-O 11. Bb2 b5 12. Qb1 Bxf3 13. Nxf3 Qb6 14. Ne5 g6
15. Nxc6 Qxc6 16. Rc1 Qb7 17. Qc2 Rfc8 18. Qe2 Ne4 19. Bxe4 dxe4 20. Qd2 Rc4
21. Rxc4 bxc4 22. Qc3 Qd5 23. Rc1 Rc8 24. h3 f5 25. Qd2 Bf6 26. Bc3 Kf7 27. Rb1
e5 28. Rc1 exd4 29. Bxd4 Bxd4 30. exd4 Rc7 1/2-1/2

[Event "II C.to Romano"]
[Site "Roma ITA"]
[Date "1997.??.??"]
[Round "5"]
[White "Ianniello, Riccardo"]
[Black "Farina, Saverio"]
[Result "1/2-1/2"]
[WhiteElo "2300"]
[BlackElo "2195"]
[PlyCount "62"]
[EventDate "1997.??.??"]

1. e4 e6 2. Nf3 d5 3. e5 c5 4. c3 Qb6 5. Bd3 Nc6 6. O-O f6 7. Qe2 fxe5 8. Nxe5
Nf6 9. Nxc6 bxc6 10. Bf5 Kf7 11. Bh3 Bd6 12. d3 h6 13. Re1 e5 14. Bxc8 Raxc8
15. b3 Rce8 16. Ba3 Rhf8 17. Nd2 Qa5 18. Bb2 Qc7 19. Nf1 Kg8 20. Ng3 Qd7 21.
Rf1 e4 22. d4 Nh7 23. Rad1 cxd4 24. Rxd4 Bc5 25. Rdd1 Nf6 26. Bc1 Qg4 27. Rde1
Qxe2 28. Rxe2 Ng4 29. Be3 Bxe3 30. fxe3 Rxf1+ 31. Nxf1 Ne5 1/2-1/2

[Event "II C.to Romano"]
[Site "Roma ITA"]
[Date "1997.??.??"]
[Round "5"]
[White "Lantini, Marco"]
[Black "Marta, Daniele"]
[Result "1-0"]
[WhiteElo "2190"]
[BlackElo "1816"]
[PlyCount "65"]
[EventDate "1997.??.??"]

1. e4 e6 2. d4 d5 3. Nd2 Nf6 4. e5 Nfd7 5. Bd3 c5 6. c3 Nc6 7. Ngf3 cxd4 8.
cxd4 f6 9. O-O fxe5 10. Nxe5 Ndxe5 11. dxe5 g6 12. Nf3 Bg7 13. Bg5 Qb6 14. Qe2
O-O 15. Rfe1 Bd7 16. Be3 Qb4 17. Bd2 Qe7 18. Bg5 Qb4 19. Bd2 Qe7 20. a3 Rxf3
21. Qxf3 Nxe5 22. Qg3 Nxd3 23. Qxd3 Bxb2 24. Rab1 Bxa3 25. Rxb7 Bc5 26. Rc1 Rf8
27. Be3 Bxe3 28. Qxe3 Rf7 29. Qe5 Qa3 30. Rcb1 Qd3 31. Rb8+ Rf8 32. Rxf8+ Kxf8
33. Qf6+ 1-0

[Event "II C.to Romano"]
[Site "Roma ITA"]
[Date "1997.??.??"]
[Round "5"]
[White "Mastroddi, Emiliano"]
[Black "Ragonese, Lucio Rosario"]
[Result "1-0"]
[WhiteElo "1753"]
[BlackElo "2060"]
[PlyCount "89"]
[EventDate "1997.??.??"]

1. d4 d5 2. c4 e5 3. dxe5 d4 4. Nf3 Nc6 5. g3 Be6 6. Qa4 Qd7 7. Bg2 Bc5 8. O-O
Nxe5 9. Qxd7+ Nxd7 10. b3 Bb6 11. Bb2 Ngf6 12. Nxd4 O-O-O 13. Nxe6 fxe6 14. Nc3
a6 15. Na4 Ba7 16. Rad1 e5 17. b4 c6 18. c5 Rhe8 19. Rd2 Kc7 20. Rfd1 Re7 21.
Bh3 Rde8 22. e4 Nf8 23. f3 Ng6 24. Bc3 Nf8 25. b5 cxb5 26. Ba5+ b6 27. cxb6+
Bxb6+ 28. Nxb6 Kb7 29. Rd8 Ne6 30. Bxe6 Rxe6 31. Rxe8 Rxe8 32. Rc1 Re6 33. Nd5
Nxd5 34. exd5 Rd6 35. Rc7+ Ka8 36. Rxg7 Rxd5 37. Rc7 Rd4 38. Rc2 e4 39. f4 Kb7
40. Kf2 Ra4 41. Bd2 Ra3 42. Be3 b4 43. f5 a5 44. f6 Rd3 45. f7 1-0

[Event "II C.to Romano"]
[Site "Roma ITA"]
[Date "1997.??.??"]
[Round "5"]
[White "Medori, Marco"]
[Black "Abuhamdieh, Arafat"]
[Result "1/2-1/2"]
[WhiteElo "1600"]
[BlackElo "1294"]
[PlyCount "95"]
[EventDate "1997.??.??"]

1. e4 c5 2. c3 d6 3. d4 cxd4 4. cxd4 a6 5. Nc3 Nf6 6. Bg5 Nbd7 7. f4 Qa5 8. Qd2
e5 9. Nf3 Be7 10. Bd3 h6 11. Bxf6 Bxf6 12. dxe5 dxe5 13. Nd5 Qxd2+ 14. Kxd2 Bd8
15. f5 f6 16. Rac1 O-O 17. Nc7 Rb8 18. Bc4+ Kh7 19. Ne6 Ba5+ 20. Ke2 Re8 21. g4
b5 22. Bb3 Bb7 23. Nc7 Rf8 24. Rhd1 Nb6 25. Nd5 Nxd5 26. Bxd5 Bxd5 27. Rxd5
Rfd8 28. Rcd1 Rbc8 29. Rxd8 Bxd8 30. Rd7 Bb6 31. h4 Rc2+ 32. Rd2 Rc4 33. Kd3
Kg8 34. Rc2 Rxc2 35. Kxc2 Kf7 36. Kd3 Ke7 37. b3 Kd6 38. b4 a5 39. a3 a4 40. h5
Bf2 41. Nd2 Bg3 42. Nb1 Bf4 43. Kc2 Be3 44. Nc3 Kc6 45. Nd5 Bd4 46. Ne7+ Kd6
47. Nd5 Kd7 48. Nc3 1/2-1/2

[Event "II C.to Romano"]
[Site "Roma ITA"]
[Date "1997.??.??"]
[Round "5"]
[White "Montecchi, Ugo"]
[Black "Vignato, Giovanni"]
[Result "1-0"]
[WhiteElo "1833"]
[BlackElo "2150"]
[PlyCount "45"]
[EventDate "1997.??.??"]

1. e4 c6 2. c4 d5 3. cxd5 cxd5 4. exd5 Nf6 5. Bb5+ Bd7 6. Bc4 g6 7. Ne2 Bg7 8.
Nbc3 O-O 9. d3 Na6 10. O-O Nc7 11. a4 Rb8 12. Qb3 b6 13. Bf4 Nh5 14. Bg5 h6 15.
Bh4 g5 16. Bg3 Nxg3 17. Nxg3 a6 18. Qc2 b5 19. axb5 axb5 20. Bb3 b4 21. Nce2
Bb5 22. Nf5 Nxd5 23. Bxd5 1-0

[Event "II C.to Romano"]
[Site "Roma ITA"]
[Date "1997.??.??"]
[Round "5"]
[White "Nurkic, Sahbaz"]
[Black "Passerotti, Pierluigi"]
[Result "1/2-1/2"]
[WhiteElo "2430"]
[BlackElo "2310"]
[PlyCount "41"]
[EventDate "1997.??.??"]

1. e4 c5 2. c3 d6 3. d4 Nf6 4. Bd3 cxd4 5. cxd4 Nc6 6. Nf3 Bg4 7. d5 Bxf3 8.
gxf3 Ne5 9. Be2 g6 10. Nc3 Bg7 11. Be3 O-O 12. O-O Qd7 13. Kg2 Rfc8 14. Qb3 Nh5
15. f4 Nd3 16. Bxh5 Nxb2 17. Rac1 gxh5 18. Rg1 Nd3 19. Rc2 Qg4+ 20. Kh1 Qf3+
21. Rg2 1/2-1/2

[Event "II C.to Romano"]
[Site "Roma ITA"]
[Date "1997.??.??"]
[Round "5"]
[White "Scacco, Mauro"]
[Black "Cattarinich, Benedetto"]
[Result "1-0"]
[WhiteElo "2045"]
[BlackElo "1837"]
[PlyCount "51"]
[EventDate "1997.??.??"]

1. e4 d5 2. exd5 Nf6 3. Nc3 Nxd5 4. Bc4 Nxc3 5. Qf3 e6 6. bxc3 Nd7 7. d4 Qf6 8.
Qe2 Nb6 9. Bb3 Bd7 10. Nh3 Qf5 11. O-O O-O-O 12. a4 Nd5 13. Bd2 g5 14. f4 g4
15. Ng5 Bd6 16. Ne4 Bc6 17. c4 Nf6 18. Nxd6+ Rxd6 19. Qe5 Re8 20. d5 Bd7 21.
Bc3 Ne4 22. Bb4 c5 23. Bxc5 Rxd5 24. cxd5 Nxc5 25. dxe6 Qxe5 26. exd7+ 1-0

[Event "II C.to Romano"]
[Site "Roma ITA"]
[Date "1997.??.??"]
[Round "5"]
[White "Scagliarini, Valentina"]
[Black "Scagliarini, Bruno"]
[Result "1/2-1/2"]
[WhiteElo "1642"]
[BlackElo "1974"]
[PlyCount "51"]
[EventDate "1997.??.??"]

1. e4 e6 2. d4 d5 3. exd5 exd5 4. Bd3 Bd6 5. c3 Nc6 6. Ne2 Qh4 7. Be3 Bg4 8.
Nd2 Nge7 9. Qc2 g6 10. O-O-O O-O-O 11. Rde1 h5 12. h3 Bf5 13. Nf3 Qf6 14. Bg5
Qg7 15. Bf4 Bxf4+ 16. Nxf4 Bxd3 17. Nxd3 Nf5 18. Re2 Rhe8 19. Rhe1 Rxe2 20.
Rxe2 f6 21. Re6 Qf7 22. Re2 Re8 23. Kd1 Nd6 24. Rxe8+ Qxe8 25. Qe2 Qxe2+ 26.
Kxe2 1/2-1/2

[Event "II C.to Romano"]
[Site "Roma ITA"]
[Date "1997.??.??"]
[Round "5"]
[White "Scolozzi, Umberto"]
[Black "Spano' Cuomo, Gaetano"]
[Result "1/2-1/2"]
[WhiteElo "1600"]
[BlackElo "1641"]
[PlyCount "88"]
[EventDate "1997.??.??"]

1. d4 f5 2. g3 Nf6 3. Bg2 e6 4. Nf3 Be7 5. O-O O-O 6. c4 d6 7. Nc3 c5 8. d5 e5
9. Nd2 Na6 10. a3 Nc7 11. e4 f4 12. f3 g5 13. g4 Kg7 14. Kf2 h5 15. h3 Rh8 16.
Rh1 Bd7 17. b3 Rh6 18. Bb2 Qg8 19. Qe2 Qf7 20. a4 a5 21. Rag1 Rah8 22. Qe1 Nce8
23. Nb5 hxg4 24. hxg4 Bxg4 25. fxg4 Nxg4+ 26. Ke2 Ne3 27. Rxh6 Rxh6 28. Bf3 Kf8
29. Rh1 Qh7 30. Rxh6 Qxh6 31. Qh1 Qxh1 32. Bxh1 g4 33. Nf1 Nxf1 34. Kxf1 Kg7
35. Bc3 b6 36. Be1 Kh6 37. Nc3 Kh5 38. Ne2 Nf6 39. Bf2 Kg5 40. Be1 Bf8 41. Bf2
f3 42. Be3+ Kh4 43. Bf2+ Kg5 44. Be3+ Kh4 1/2-1/2

[Event "II C.to Romano"]
[Site "Roma ITA"]
[Date "1997.??.??"]
[Round "5"]
[White "Simeoni, Matteo"]
[Black "Quimi, Marco"]
[Result "0-1"]
[WhiteElo "1830"]
[BlackElo "2240"]
[PlyCount "57"]
[EventDate "1997.??.??"]

1. e4 c5 2. Nf3 d6 3. Bb5+ Nd7 4. d4 cxd4 5. Qxd4 Ngf6 6. Nc3 a6 7. Bxd7+ Bxd7
8. a4 Bc6 9. O-O g6 10. Re1 Bg7 11. Qd3 O-O 12. h3 Nd7 13. Qe2 Nc5 14. e5 Bxf3
15. Qxf3 Bxe5 16. Bh6 Re8 17. b4 Ne6 18. Rad1 Bh8 19. Nd5 Rc8 20. c3 Rc5 21.
Rd3 Qc8 22. Qe3 Be5 23. f4 Bh8 24. f5 Be5 25. fxe6 fxe6 26. Nf4 Rxc3 27. Rxc3
Qxc3 28. Qxc3 Bxc3 29. b5 0-1

[Event "II C.to Romano"]
[Site "Roma ITA"]
[Date "1997.??.??"]
[Round "6"]
[White "Barro, Carlo"]
[Black "Viscardi, Riccardo"]
[Result "0-1"]
[WhiteElo "1747"]
[BlackElo "1600"]
[PlyCount "73"]
[EventDate "1997.??.??"]

1. Nf3 Nf6 2. g3 g6 3. Bg2 Bg7 4. d3 d5 5. Nbd2 O-O 6. O-O c5 7. a4 Nc6 8. c4
e6 9. h3 b6 10. Rb1 Bb7 11. b3 Qc7 12. Bb2 d4 13. Ba3 a5 14. Bb2 Rae8 15. Ng5
h6 16. Nge4 Nd7 17. Nf3 f5 18. Ned2 Nf6 19. Re1 e5 20. e4 fxe4 21. dxe4 Nb4 22.
Nh4 Kh7 23. Nf1 Rf7 24. g4 Ref8 25. Ng3 Ne8 26. Nf3 Nd6 27. Qd2 Rxf3 28. Bxf3
Rxf3 29. Ba3 Qf7 30. Bxb4 axb4 31. Kg2 Qf4 32. Qe2 Nxe4 33. Nxe4 Bxe4 34. Kg1
Bxb1 35. Rxb1 Rxh3 36. f3 Rxf3 37. Kg2 0-1

[Event "II C.to Romano"]
[Site "Roma ITA"]
[Date "1997.??.??"]
[Round "6"]
[White "Corvi, Marco"]
[Black "Ortega, Lexy"]
[Result "0-1"]
[WhiteElo "2260"]
[BlackElo "2470"]
[PlyCount "78"]
[EventDate "1997.??.??"]

1. e4 c5 2. Nf3 d6 3. d3 Nc6 4. g3 g6 5. Bg2 Bg7 6. O-O e5 7. c3 Nge7 8. Nbd2
O-O 9. a4 h6 10. Nc4 Be6 11. Nfd2 Kh7 12. Ne3 d5 13. exd5 Nxd5 14. Ne4 b6 15.
Nxd5 Bxd5 16. Be3 Rc8 17. Qe2 f5 18. c4 Bxe4 19. dxe4 f4 20. Rad1 Qe8 21. Bc1
Nd4 22. Rxd4 cxd4 23. b3 h5 24. Bh3 Rc7 25. f3 fxg3 26. hxg3 Bh6 27. Ba3 Rf6
28. Qd3 Qd8 29. Kg2 Rcf7 30. Bb2 Be3 31. Ba3 a5 32. Qe2 Rc6 33. Rh1 Qg5 34. Kh2
d3 35. Qxd3 Rxf3 36. Qd7+ Kh6 37. Rg1 Bxg1+ 38. Kxg1 Rxg3+ 39. Kh2 Rf6 0-1

[Event "II C.to Romano"]
[Site "Roma ITA"]
[Date "1997.??.??"]
[Round "6"]
[White "Farina, Saverio"]
[Black "Malloni, Marcello"]
[Result "0-1"]
[WhiteElo "2195"]
[BlackElo "2225"]
[PlyCount "104"]
[EventDate "1997.??.??"]

1. d4 e6 2. c4 f5 3. Nc3 Nf6 4. Nf3 Bb4 5. Qb3 a5 6. Bg5 O-O 7. e3 b6 8. Be2
Bb7 9. O-O Bxc3 10. Qxc3 h6 11. Bxf6 Qxf6 12. Ne5 d6 13. Bf3 Bxf3 14. Nxf3 Nd7
15. Rfd1 g5 16. Ne1 Rf7 17. Rac1 Raf8 18. Nd3 f4 19. exf4 gxf4 20. c5 f3 21. g3
Qf5 22. Qe1 bxc5 23. dxc5 d5 24. Nf4 Rf6 25. Rc3 c6 26. Nd3 e5 27. Qf1 Rg6 28.
Ne1 e4 29. Nc2 h5 30. Ne3 Qe5 31. Qa6 Kh7 32. Rb3 Rf7 33. Rb7 Rfg7 34. Qa7 Qe6
35. Qxa5 h4 36. Qe1 hxg3 37. fxg3 Nxc5 38. Rxg7+ Rxg7 39. Nf1 Qh3 40. Qf2 Rf7
41. Ne3 Nd3 42. Qf1 Qe6 43. b3 Kg8 44. a4 c5 45. a5 d4 46. Nc4 f2+ 47. Kg2 Qg4
48. Nd2 Ne1+ 49. Rxe1 fxe1=N+ 50. Qxe1 e3 51. Nc4 Qe4+ 52. Kg1 Rf2 0-1

[Event "II C.to Romano"]
[Site "Roma ITA"]
[Date "1997.??.??"]
[Round "6"]
[White "Galdelli, Fabiano"]
[Black "Castillo, Juan"]
[Result "1-0"]
[WhiteElo "1738"]
[BlackElo "1600"]
[PlyCount "85"]
[EventDate "1997.??.??"]

1. e4 e5 2. Nf3 Nc6 3. Bb5 d6 4. d4 Bd7 5. Nc3 a6 6. Bxc6 Bxc6 7. O-O exd4 8.
Nxd4 Bd7 9. Qe2 f6 10. Bf4 Ne7 11. Rad1 h5 12. h3 g5 13. Bg3 Kf7 14. Qc4+ Kg6
15. Ne6 Bxe6 16. Qxe6 Qc8 17. Qc4 Bg7 18. f4 h4 19. f5+ Kh7 20. Bh2 Nc6 21. Qf7
Rf8 22. Qc4 Qe8 23. Nd5 Qf7 24. Qd3 Rfe8 25. c4 Rad8 26. b4 Ne5 27. Qc2 Rd7 28.
Rd2 Bf8 29. Rfd1 Bh6 30. Bxe5 dxe5 31. Nxf6+ Qxf6 32. Rxd7+ Bg7 33. c5 Re7 34.
Rd8 Qf7 35. R1d5 Bf6 36. Qd1 Kh6 37. R8d7 Rxd7 38. Rxd7 Qxa2 39. Rxc7 Qc4 40.
Qe1 Qb5 41. Rf7 Bd8 42. Qd2 Qc6 43. Rd7 1-0

[Event "II C.to Romano"]
[Site "Roma ITA"]
[Date "1997.??.??"]
[Round "6"]
[White "Lavieri, Doriano"]
[Black "Ianniello, Riccardo"]
[Result "1/2-1/2"]
[WhiteElo "1855"]
[BlackElo "2300"]
[PlyCount "74"]
[EventDate "1997.??.??"]

1. d4 d5 2. c4 c6 3. Nf3 Nf6 4. e3 g6 5. Nc3 Bg7 6. Bd3 O-O 7. O-O Nbd7 8. b3
Re8 9. Bb2 a6 10. h3 b5 11. cxb5 cxb5 12. Rc1 Bb7 13. Qe2 Qb6 14. Rfd1 e6 15.
Rc2 Red8 16. a3 Ne8 17. Na2 Bf8 18. b4 Nd6 19. Nc1 Nc4 20. Nb3 Ra7 21. Ne5
Ndxe5 22. dxe5 Nxb2 23. Rxb2 Rc8 24. Rc2 Raa8 25. Rdc1 Rxc2 26. Qxc2 Rc8 27.
Nc5 Bxc5 28. bxc5 Qc7 29. Qc3 Bc6 30. Rb1 Rb8 31. Bc2 Rc8 32. Bd3 Kg7 33. Be2
Qe7 34. Bf3 h6 35. Rc1 Qc7 36. Be2 Rb8 37. Rb1 Rc8 1/2-1/2

[Event "II C.to Romano"]
[Site "Roma ITA"]
[Date "1997.??.??"]
[Round "6"]
[White "Marta, Daniele"]
[Black "Scolozzi, Umberto"]
[Result "1-0"]
[WhiteElo "1816"]
[BlackElo "1600"]
[PlyCount "67"]
[EventDate "1997.??.??"]

1. d4 Nf6 2. c4 g6 3. Nc3 d5 4. cxd5 Nxd5 5. e4 Nxc3 6. bxc3 Bg7 7. Bc4 c5 8.
Ne2 Nc6 9. Be3 cxd4 10. cxd4 O-O 11. O-O Bg4 12. f3 Na5 13. Bxf7+ Rxf7 14. fxg4
Rxf1+ 15. Kxf1 Qd7 16. h3 Qe6 17. Qd3 Nc4 18. Bf2 Kh8 19. Kg1 Rd8 20. Rc1 Rc8
21. d5 Qa6 22. Rc2 b5 23. Bd4 Qb7 24. Bxg7+ Kxg7 25. Qd4+ Kg8 26. Nf4 Qb6 27.
Qxb6 Nxb6 28. Rxc8+ Nxc8 29. Kf2 Kf7 30. Ke3 Kf6 31. Kd4 e5+ 32. dxe6 g5 33.
Nd5+ Kxe6 34. Nc7+ 1-0

[Event "II C.to Romano"]
[Site "Roma ITA"]
[Date "1997.??.??"]
[Round "6"]
[White "Marzano, Carlo"]
[Black "Sibilio, Mario"]
[Result "0-1"]
[WhiteElo "2160"]
[BlackElo "2320"]
[PlyCount "72"]
[EventDate "1997.??.??"]

1. d4 g6 2. e4 Bg7 3. c3 d6 4. f4 Nf6 5. Bd3 e5 6. Nf3 exd4 7. cxd4 O-O 8. Nc3
Nc6 9. O-O Bg4 10. Be3 Nd7 11. Ne2 Nb4 12. Bb1 c5 13. Qd2 Nb6 14. Rc1 Bxf3 15.
gxf3 Rc8 16. a3 Nc6 17. Ba2 Qh4 18. d5 Nd4 19. Nxd4 cxd4 20. Bxd4 Bxd4+ 21.
Qxd4 Qxf4 22. Rxc8 Rxc8 23. Qd3 Rc1+ 24. Rxc1 Qxc1+ 25. Kf2 Qxb2+ 26. Qe2 Qxa3
27. f4 Na4 28. Bc4 b5 29. Bd3 Nc3 30. Qc2 Qc5+ 31. Kf3 a5 32. h4 Qd4 33. h5 Kg7
34. f5 gxf5 35. h6+ Kf6 36. exf5 Nxd5 0-1

[Event "II C.to Romano"]
[Site "Roma ITA"]
[Date "1997.??.??"]
[Round "6"]
[White "Mastroddi, Emiliano"]
[Black "De Vita, Igor"]
[Result "0-1"]
[WhiteElo "1753"]
[BlackElo "2115"]
[PlyCount "106"]
[EventDate "1997.??.??"]

1. d4 Nf6 2. c4 e6 3. Nf3 d5 4. Nc3 c6 5. cxd5 exd5 6. Bg5 Be7 7. e3 O-O 8. Bd3
Be6 9. Qc2 Nbd7 10. O-O Re8 11. Rab1 a5 12. Nd2 h6 13. Bh4 Nh5 14. Bxe7 Qxe7
15. a3 Rf8 16. Be2 Nhf6 17. Rbc1 g6 18. Na4 Ne8 19. Nc5 Nxc5 20. Qxc5 Qxc5 21.
Rxc5 Nd6 22. Bd3 a4 23. Rc3 Ra5 24. Rfc1 Kg7 25. Rc5 Ra7 26. R5c3 Rd8 27. Nf3
f6 28. Nd2 Rda8 29. Rc5 Bf5 30. Bxf5 Nxf5 31. R5c3 Nd6 32. Rc5 Ra6 33. Kf1 Rb6
34. R1c2 f5 35. g3 Kf6 36. h4 g5 37. hxg5+ hxg5 38. Kg2 Raa6 39. Kg1 f4 40. Kg2
fxe3 41. fxe3 Kf5 42. Kf3 g4+ 43. Kg2 Ra8 44. R5c3 Ra5 45. Rc5 Rab5 46. b4 axb3
47. Rb2 Ne4 48. Nc4 Nxc5 49. Nd6+ Ke6 50. Nxb5 Rxb5 51. dxc5 Ke5 52. Kf2 Ke4
53. Ke2 d4 0-1

[Event "II C.to Romano"]
[Site "Roma ITA"]
[Date "1997.??.??"]
[Round "6"]
[White "Medori, Marco"]
[Black "Bruno, Fabio"]
[Result "0-1"]
[WhiteElo "1600"]
[BlackElo "2260"]
[PlyCount "20"]
[EventDate "1997.??.??"]

1. e4 c5 2. c3 d5 3. exd5 Qxd5 4. d4 Nf6 5. Nf3 e6 6. Be2 b6 7. O-O Bb7 8. dxc5
Bxc5 9. Bb5+ Nbd7 10. Bg5 Bxf2+ 0-1

[Event "II C.to Romano"]
[Site "Roma ITA"]
[Date "1997.??.??"]
[Round "6"]
[White "Montecchi, Ugo"]
[Black "Vallifuoco, Giovanni"]
[Result "1/2-1/2"]
[WhiteElo "1833"]
[BlackElo "2255"]
[PlyCount "122"]
[EventDate "1997.??.??"]

1. e4 c5 2. d4 cxd4 3. c3 dxc3 4. Nxc3 e6 5. Bc4 Nc6 6. Nf3 a6 7. O-O Nge7 8.
Bf4 Ng6 9. Bg3 Be7 10. e5 O-O 11. Qe2 b5 12. Bb3 Bb7 13. Rad1 Na5 14. Bc2 Nc4
15. Ne4 Nxb2 16. Rd4 Nc4 17. h4 f6 18. Rfd1 Bc6 19. exf6 Bxf6 20. Nxf6+ Qxf6
21. Ng5 h6 22. Qh5 Ne7 23. Rxd7 Bxd7 24. Rxd7 Nf5 25. Ne4 Qa1+ 26. Kh2 Ne5 27.
Rd1 Qb2 28. Rd2 Qa1 29. Rd1 Qb2 30. Rd2 g6 31. Qe2 Nc4 32. Nd6 Qf6 33. Nxc4
Nxg3 34. fxg3 bxc4 35. Qxc4 Rac8 36. Qe4 Qf5 37. Qe2 Qf6 38. Qe4 Rc5 39. Rf2
Rf5 40. Re2 e5 41. Qc4+ Kh8 42. Bxf5 gxf5 43. Qc7 Re8 44. Qd7 Re7 45. Qc8+ Kh7
46. Rb2 f4 47. Rb8 fxg3+ 48. Kh3 Qe6+ 49. Qxe6 Rxe6 50. Rf8 e4 51. Kxg3 e3 52.
Rf1 Kg6 53. Kg4 h5+ 54. Kg3 e2 55. Re1 Kf5 56. Kf2 Kg4 57. Rxe2 Rxe2+ 58. Kxe2
Kg3 59. Kf1 Kxh4 60. Kf2 Kg4 61. g3 Kg5 1/2-1/2

[Event "II C.to Romano"]
[Site "Roma ITA"]
[Date "1997.??.??"]
[Round "6"]
[White "Pienabarca, Nicola"]
[Black "Lantini, Marco"]
[Result "0-1"]
[WhiteElo "2020"]
[BlackElo "2190"]
[PlyCount "115"]
[EventDate "1997.??.??"]

1. d4 Nf6 2. Nf3 d5 3. Bf4 e6 4. Nbd2 c5 5. e3 Nc6 6. c3 Be7 7. Bd3 b6 8. h4
Bb7 9. Ne5 Nxe5 10. dxe5 Nd7 11. Qg4 g6 12. Nf3 Qc7 13. Ng5 Bxg5 14. Bxg5 Nxe5
15. Bb5+ Bc6 16. Bxc6+ Qxc6 17. Qe2 Nd7 18. h5 Rg8 19. O-O-O f6 20. hxg6 hxg6
21. Bf4 O-O-O 22. e4 e5 23. exd5 Qa4 24. Be3 Qxa2 25. Qb5 Nb8 26. Kc2 Rg7 27.
c4 Qa6 28. Qb3 Qb7 29. Ra1 Rh7 30. Qb5 Rxh1 31. Rxh1 Qd7 32. Qb3 Qg4 33. Rh7
Rd7 34. Rh8+ Rd8 35. Rxd8+ Kxd8 36. Bxc5 Qxg2 37. Bxb6+ axb6 38. Qxb6+ Kc8 39.
Qe6+ Kb7 40. Qe7+ Ka8 41. Qa3+ Kb7 42. Qb4+ Ka8 43. Qc5 Qe4+ 44. Kc1 Qh1+ 45.
Kc2 Qh7 46. d6 Qa7 47. Qd5+ Qb7 48. Qa5+ Qa7 49. Qd5+ Qb7 50. Qa5+ Qa6 51. Qc7
Qc6 52. c5 Qe4+ 53. Kd2 Qg4 54. Kc1 Qa4 55. Kd2 Qb5 56. Kc3 Nc6 57. Qc8+ Ka7
58. Qc7+ $138 0-1